Traspaso de la propiedad indígena a mano de los españoles
Guardat en:
| Autor principal: | |
|---|---|
| Format: | Text |
| Publicat: |
Quito:
SEE
|
| Etiquetes: |
Afegir etiqueta
Sense etiquetes, Sigues el primer a etiquetar aquest registre!
|
MARC
| LEADER | 00000 a a2200000 04500 | ||
|---|---|---|---|
| 001 | 24416 | ||
| 003 | |||
| 040 | |||
| 090 | |a 175100 | ||
| 100 | |a Borchart de Moreno, Christiana | ||
| 245 | |a Traspaso de la propiedad indígena a mano de los españoles | ||
| 260 | |a Quito: |b SEE | ||
| 300 | |a pp. 131-139 |b il. | ||
| 999 | |c 11957 |d 11957 | ||
